00394pab a2200157 454500008004000000100001900040245005300059260000900112300001300121362000800134650001600142650001200158700002600170700002200196773001800218180718b2017 xxu||||| |||| 00| 0 eng d aVelanganni, S. aAgriculture profile of the farmers in Theni dist c2017 ap.46-54. aFeb aAgriculture aFarmers aAnitha, D. Jeba Selvi aBarween, M. Akina aThird Concept